00241nam a2200097Ia 4500001000800000005001700008008004100025020001800066245004000084260001900124127588120260417160436.0260417s9999 xx 000 0 und d a9786057949608 0aKomşudaki TiyatrocSonja Danowski bKetebe Çocuk